|
|
|
|
| LEADER |
00000nab a2200000 a 4500 |
| 001 |
vtls000919972 |
| 003 |
SK-MaSNL |
| 005 |
20260304000911.0 |
| 008 |
040720e19931123xo 0 slo |
| 035 |
|
|
|a KE28849
|
| 040 |
|
|
|a KEVKJB
|b slo
|c KEVKJB
|e AACR2
|
| 041 |
0 |
|
|a slo
|
| 044 |
|
|
|a xo
|c SK
|
| 080 |
|
|
|a 069.2
|2 1981
|
| 080 |
|
|
|a 339.379
|2 1981
|
| 100 |
0 |
|
|a (mč)
|4 aut
|9 839395
|
| 245 |
1 |
0 |
|a Dinosaury v múzeu neuvidíte
|
| 610 |
2 |
7 |
|a Východoslovenské múzeum
|2 KEVKJB
|9 29561
|
| 650 |
0 |
7 |
|a budova
|2 KEVKJB
|9 884413
|
| 650 |
0 |
7 |
|a aktivity podnikateľské
|2 KEVKJB
|9 879779
|
| 650 |
0 |
7 |
|a trhy vianočné
|2 KEVKJB
|9 881557
|
| 650 |
0 |
7 |
|a usporiadanie
|2 KEVKJB
|9 878703
|
| 650 |
0 |
7 |
|a informácie
|2 KEVKJB
|9 1285
|
| 651 |
|
7 |
|a KE,
|2 KEVKJB
|9 877256
|
| 655 |
|
7 |
|a periodikum
|2 snkbucl
|9 29553
|
| 710 |
2 |
|
|a Východoslovenské múzeum
|4 aut
|9 29561
|
| 773 |
0 |
8 |
|t Lúč
|g Roč. 2, č.273, 23.11.1993, s. 3
|
| 852 |
|
|
|a ZVYKNI
|b KIS3GCP
|
| 999 |
|
|
|c 2533621
|d 2535551
|